Leonardo da Vinci: obra gráfica
Saved in:
| Hovedforfatter: | |
|---|---|
| Andre forfattere: | |
| Format: | Bog |
| Sprog: | spansk |
| Udgivet: |
Colonia
Taschen
2014
|
| Udgivelse: | 1a. ed |
| Fag: | |
| Tags: |
Tilføj Tag
Ingen Tags, Vær først til at tagge denne postø!
|
MARC
| LEADER | 00000cam a2200000 a 4500 | ||
|---|---|---|---|
| 001 | UCD6236 | ||
| 003 | CL-VaPUC | ||
| 005 | 20250205145437.0 | ||
| 008 | 161124e20140000gw |||||||||||||||||spa|d | ||
| 999 | |c 366596 |d 366594 | ||
| 020 | |a 9783836554398 | ||
| 040 | |c Pontificia Universidad Católica de Valparaíso | ||
| 082 | 0 | 4 | |a 759.5 |b NAT |2 21 |
| 100 | |a Nathan, Johannes |e autor |9 873178 | ||
| 245 | 1 | 0 | |a Leonardo da Vinci: obra gráfica |
| 250 | |a 1a. ed | ||
| 260 | |a Colonia |b Taschen |c 2014 | ||
| 300 | |a 768 p | ||
| 583 | |a last modification |c 20161124 22:47:00 |k Rodrigo Vera | ||
| 650 | 0 | |a Dibujos |9 264123 | |
| 650 | 0 | |a Obras de arte |9 337253 | |
| 650 | 0 | |a Colecciones artísticas |9 348038 | |
| 650 | 0 | |a Bellas artes |9 334299 | |
| 700 | |a Zollner, Frank |e autor |9 873179 | ||
| 942 | |c BK |2 ddc | ||
| 945 | |d 20161124 22:47:00 |a dcastane | ||